| 000 | 00696nam a2200229 i 4500 | ||
|---|---|---|---|
| 001 | bgj | ||
| 100 | 1 | _aWALEWSKA, Anna | |
| 245 | 1 | 0 |
_aFriends : _btest book 1 and 2 / _cAnna Walewska and Diane Hall. |
| 260 |
_aHarlow, Essex : _bLongman, _c2002. |
||
| 300 |
_a95 pp : _bill. ; _c30 cm. |
||
| 650 | 9 | _aEnglish language | |
| 650 | 9 |
_aEnglish language _xStudy and teaching |(Elementary) _xActivities programmes |
|
| 650 | 9 |
_aEnglish language _xProblems, exercises, etc. |
|
| 655 | _aTextbooks for foreign speakers | ||
| 700 | 1 | _aHALL, Diane | |
| 020 | _a0582773725 | ||
| 040 | _cBPK | ||
| 041 | 0 | _aeng | |
| 920 | _a0-582-77372-5 | ||
| 942 | _cKS | ||
| 008 | s uk f |000 0 eng | ||
| 999 |
_c48885 _d48885 |
||
| 856 |
_uhttp://koha.tu.koszalin.pl/cgi-bin/koha/opac-detail.pl?biblionumber=48885 _yKatalog online BPK |
||